000 00773cab a2200253 4500
001 ABS46132
008 090401t1992 xxu||||| |||| 00| 0 eng d
035 _a(Sirsi) u56935
041 _aeng
100 _aSmith, G.
245 _aSeville engineering
260 _c1992
350 _a0
490 _aNew Civil Engineer
_v(985) 12 March 1992, 18-25(6)
520 _aReports on the preparation of the Expo`92 site, the new infrastructure for Seville and the national pavilions of Britain and other countires. Expo`92 runs from April to October 1992.
650 _aEXPO92
650 _aSEVILLE
650 _aSPAIN
690 _aBUILT ENVIRONMENT-CONSTRUCTION DESIGN
690 _aOVERSEAS-EUROPE
700 _aFowler, D.
942 _n0
948 _c04/03/1997
999 _c34737
_d34737